| 000 | 01197cad a22002415a 4500 | ||
|---|---|---|---|
| 001 | L156415 | ||
| 008 | 120518s2012 xxk f 000 0 eng d | ||
| 035 | _a(Sirsi) u156415 | ||
| 041 | 0 | _aeng | |
| 110 | 2 |
_aWorld Wide Fund for Nature _93148 |
|
| 245 | 0 | 0 |
_aLiving Planet Report 2012 _bbiodiversity biocapacity and better choices _h[electronic resource] |
| 260 | _c2012 | ||
| 520 | _aKey finding is that humanity's demands exceed our planet's capacity to provide for us with 50% more resources being used than the world can sustainably produce. Argues that careful use of these resources can help reduce consumption by reducing waste along with more effective cultivation techniques, better planting of seeds, smarter irrigation methods and better resource planning. | ||
| 590 | _aKA NTK | ||
| 651 | 4 | _aInternational | |
| 690 |
_aSustainability _96271 |
||
| 690 |
_aLand use _96251 |
||
| 690 |
_aInfrastructure _96246 |
||
| 710 | 1 | _aZoological Society of London | |
| 710 | 1 | _aGlobal Footprint Network | |
| 856 | 4 | 0 |
_uhttps://awsassets.panda.org/downloads/1_lpr_2012_online_full_size_single_pages_final_120516.pdf _zView the report free of charge at http://awsassets.panda.org |
| 942 | _n0 | ||
| 999 |
_c114245 _d114245 |
||